[Event "2nd Indonesia Open Chess Ch. 2012"]
[Site "Grand SahidJaya Hotel, Jakarta"]
[Date "2012.10.12"]
[Round "3.14"]
[White "Lou, Yiping"]
[Black "Ghaem Maghami, Ehsan"]
[Result "1/2-1/2"]
[WhiteElo "2444"]
[BlackElo "2557"]
[PlyCount "60"]
[EventDate "2012.10.11"]

1. d4 Nf6 2. c4 e6 3. Nc3 Bb4 4. Qc2 O-O 5. Nf3 d6 6. g3 e5 7. dxe5 dxe5 8. a3
Bxc3+ 9. Qxc3 Re8 10. Bg2 Nc6 11. Be3 Ne4 12. Qc2 Nd6 13. Rd1 Bf5 14. Qc1 Bd7
15. O-O Qc8 16. b4 Bh3 17. c5 Bxg2 18. cxd6 Bh3 19. b5 Nd4 20. Nxd4 exd4 21.
Rxd4 cxd6 22. Qxc8 Rexc8 23. Rfd1 Be6 24. Rxd6 Bc4 25. b6 axb6 26. Bxb6 Bxe2
27. Rd8+ Rxd8 28. Rxd8+ Rxd8 29. Bxd8 f6 30. f4 Kf7 1/2-1/2

[Event "2nd Indonesia Open Chess Ch. 2012"]
[Site "Grand SahidJaya Hotel, Jakarta"]
[Date "2012.10.12"]
[Round "3.15"]
[White "Chatalbashev, Boris"]
[Black "Pitra, Andika"]
[Result "1-0"]
[WhiteElo "2535"]
[BlackElo "2340"]
[PlyCount "86"]
[EventDate "2012.10.11"]

1. d4 f5 2. g3 Nf6 3. Bg2 g6 4. Nh3 Bg7 5. Nf4 Nc6 6. d5 Ne5 7. Nc3 Nf7 8. e4
e5 9. dxe6 dxe6 10. Qxd8+ Kxd8 11. O-O c6 12. exf5 gxf5 13. a4 Kc7 14. a5 e5
15. Nd3 Be6 16. Re1 Rhe8 17. Nxe5 Nxe5 18. Rxe5 Ne4 19. Rxe4 fxe4 20. Bf4+ Kd7
21. Nxe4 Bf5 22. Nd6 Bxb2 23. Rb1 Be5 24. Nxf5 Bxf4 25. gxf4 Kc7 26. Nd4 Rad8
27. c3 Rd6 28. f5 Re5 29. Ne6+ Kb8 30. a6 b6 31. Nd4 Kc7 32. Kf1 b5 33. Re1
Rxe1+ 34. Kxe1 Kb6 35. Nxc6 Kxa6 36. Nb4+ Kb6 37. Nd5+ Kc5 38. f6 Rd7 39. Kd2
a5 40. Kc2 a4 41. Kb2 Rf7 42. Be4 Kd6 43. Ka3 Kc5 1-0

[Event "2nd Indonesia Open Chess Ch. 2012"]
[Site "Grand SahidJaya Hotel, Jakarta"]
[Date "2012.10.12"]
[Round "3.16"]
[White "Azarya, Jodi Setyaki"]
[Black "Megaranto, Susanto"]
[Result "0-1"]
[WhiteElo "2005"]
[BlackElo "2532"]
[PlyCount "80"]
[EventDate "2012.10.11"]

1. e4 Nf6 2. e5 Nd5 3. d4 d6 4. Nf3 Bg4 5. Bc4 e6 6. O-O Nb6 7. Be2 Be7 8. c3
O-O 9. Nbd2 N8d7 10. exd6 cxd6 11. Ne1 Bf5 12. Bd3 Bg6 13. f4 f5 14. Qe2 Bf7
15. Bc2 Nf6 16. Ndf3 h6 17. c4 Ne4 18. b3 d5 19. Bb2 Bh5 20. c5 Nd7 21. Qb5 Qc7
22. b4 Be8 23. Qe2 Qxf4 24. Nd3 Qc7 25. b5 Bf6 26. Bb3 Bh5 27. Rac1 Bg5 28. Rc2
Ndf6 29. Nde5 Bf4 30. Qe1 Ng4 31. Qh4 Nxe5 32. Nxe5 Bxe5 33. Qxh5 Bf4 34. Qh4
g5 35. Qh3 g4 36. Qh5 Be3+ 37. Kh1 Qg7 38. c6 Bg5 39. cxb7 Rab8 40. Ba3 Rfd8
0-1

[Event "2nd Indonesia Open Chess Ch. 2012"]
[Site "Grand SahidJaya Hotel, Jakarta"]
[Date "2012.10.12"]
[Round "3.17"]
[White "Guo, Qi"]
[Black "Gomez, John Paul"]
[Result "1/2-1/2"]
[WhiteElo "2391"]
[BlackElo "2523"]
[PlyCount "60"]
[EventDate "2012.10.11"]

1. d4 e6 2. c4 Nf6 3. Nf3 b6 4. g3 Ba6 5. Qa4 Bb7 6. Bg2 c5 7. dxc5 bxc5 8. O-O
Be7 9. Nc3 O-O 10. Rd1 d6 11. Bf4 a6 12. b4 Qc7 13. bxc5 Qxc5 14. Rab1 Bc6 15.
Qb4 Qxb4 16. Rxb4 e5 17. Bg5 Nbd7 18. Bxf6 Nxf6 19. Rb6 Rac8 20. Rxa6 Rfd8 21.
a4 Kf8 22. Nd5 Nxd5 23. cxd5 Bd7 24. Ra1 Ra8 25. Rxa8 Rxa8 26. Nxe5 dxe5 27. d6
Rxa4 28. dxe7+ Kxe7 29. Rxa4 Bxa4 30. f4 exf4 1/2-1/2

[Event "2nd Indonesia Open Chess Ch. 2012"]
[Site "Grand SahidJaya Hotel, Jakarta"]
[Date "2012.10.12"]
[Round "3.18"]
[White "Nguyen, Van Huy"]
[Black "Pham, Le Thao Nguyen"]
[Result "1/2-1/2"]
[WhiteElo "2517"]
[BlackElo "2387"]
[PlyCount "127"]
[EventDate "2012.10.11"]

1. d4 d5 2. Nf3 c6 3. c4 Nf6 4. Qb3 e6 5. g3 Be7 6. Bg2 O-O 7. O-O Nbd7 8. Nc3
b6 9. Bf4 Ba6 10. cxd5 Nxd5 11. Qa4 Nxf4 12. gxf4 Bb7 13. Rfd1 b5 14. Qc2 Qb6
15. Ne5 Rad8 16. e3 Nxe5 17. fxe5 c5 18. d5 exd5 19. Nxd5 Bxd5 20. Bxd5 Kh8 21.
Qf5 g6 22. Qe4 Qc7 23. b3 f5 24. exf6 Bxf6 25. Rac1 Qb6 26. Rd3 Rde8 27. Qg4
Re5 28. Kh1 Re7 29. Rcd1 Be5 30. Kg2 Qf6 31. R1d2 Bc7 32. Rc2 Qd6 33. h3 Re5
34. e4 Re7 35. Rf3 Ree8 36. Kf1 Bb6 37. Qg3 Qxg3 38. Rxg3 Rf4 39. Bc6 Re6 40.
Bxb5 Rexe4 41. Kg2 Kg7 42. Rf3 Rxf3 43. Kxf3 Re7 44. Kg2 Kf6 45. Rc3 Re5 46.
Rd3 Bc7 47. Bc4 Re7 48. Rd5 Re5 49. Rd3 Re7 50. Kf3 Re5 51. Rd1 Re7 52. h4 Re5
53. Bd5 Rf5+ 54. Kg2 Rf4 55. Bc4 Rxh4 56. Rd7 Bb6 57. Kg3 g5 58. a4 h6 59. Rd6+
Ke7 60. Rc6 Kd7 61. Bb5 Ke7 62. Bc4 Kd7 63. Bb5 Ke7 64. Bc4 1/2-1/2

[Event "2nd Indonesia Open Chess Ch. 2012"]
[Site "Grand SahidJaya Hotel, Jakarta"]
[Date "2012.10.12"]
[Round "3.19"]
[White "Sokolov, Ivan"]
[Black "Pascua, Haridas"]
[Result "1-0"]
[WhiteElo "2690"]
[BlackElo "2350"]
[PlyCount "129"]
[EventDate "2012.10.11"]

1. d4 Nf6 2. c4 g6 3. Nc3 Bg7 4. Nf3 d6 5. Bg5 h6 6. Bh4 O-O 7. e3 c6 8. Be2
Re8 9. O-O Qb6 10. a3 e5 11. c5 dxc5 12. b4 Bf5 13. Nd2 Qc7 14. e4 Be6 15. bxc5
b6 16. cxb6 axb6 17. Qc2 Qe7 18. Na4 Qa7 19. Nb2 Nbd7 20. Rfd1 Rec8 21. a4 Bf8
22. Nd3 Qb8 23. Rdc1 Ne8 24. Qd1 c5 25. dxc5 Nxc5 26. Nb2 Nd6 27. Bg4 Qb7 28.
Bxe6 Nxe6 29. f3 Rxc1 30. Rxc1 b5 31. Bf2 bxa4 32. Nxa4 Qb5 33. Nc3 Qd3 34. Nf1
Qxd1 35. Rxd1 Ra3 36. Nd5 Nb5 37. Nfe3 Bc5 38. Ng4 Bxf2+ 39. Kxf2 Ra2+ 40. Kf1
Nf4 41. Nxf4 exf4 42. Nxh6+ Kg7 43. Ng4 Na3 44. Kg1 Nc4 45. Rc1 Ra4 46. h4 f5
47. exf5 gxf5 48. Nf2 Kg6 49. Kh2 Ne3 50. Nd3 Kh5 51. Kh3 Rd4 52. Nc5 Rd6 53.
g3 fxg3 54. Kxg3 Rd4 55. Ne6 Ra4 56. Nf4+ Kh6 57. Rc6+ Kg7 58. Ne6+ Kg8 59. h5
Nd5 60. Rd6 Nf6 61. Nf4 Kf7 62. Rc6 Ra1 63. Rc7+ Kg8 64. Rc5 Rg1+ 65. Kh4 1-0

[Event "2nd Indonesia Open Chess Ch. 2012"]
[Site "Grand SahidJaya Hotel, Jakarta"]
[Date "2012.10.12"]
[Round "3.20"]
[White "Krasenkow, Michal"]
[Black "Novita, Anjas"]
[Result "1-0"]
[WhiteElo "2636"]
[BlackElo "2339"]
[PlyCount "89"]
[EventDate "2012.10.11"]

1. d4 Nf6 2. c4 e5 3. dxe5 Ng4 4. Bf4 Nc6 5. Nf3 Bb4+ 6. Nc3 Qe7 7. Qd5 f6 8.
exf6 Nxf6 9. Qd3 Bxc3+ 10. bxc3 d6 11. g3 Ne5 12. Nxe5 dxe5 13. Bg5 O-O 14. Bg2
c6 15. Qe3 h6 16. Bxf6 Qxf6 17. O-O Be6 18. c5 Rae8 19. a4 Re7 20. Rad1 a5 21.
Rd6 Qf7 22. f4 Qh5 23. fxe5 Rxf1+ 24. Bxf1 Bd5 25. Rd8+ Kh7 26. Qd3+ g6 27. e4
Bf7 28. Qd4 Qxe5 29. Bd3 Qg7 30. Kf2 Bb3 31. Ke3 h5 32. Qxg7+ Kxg7 33. Ra8 Bxa4
34. Rxa5 Bd1 35. h3 g5 36. Ra1 Bb3 37. c4 Rf7 38. e5 g4 39. hxg4 hxg4 40. Kd4
Rf3 41. Rb1 Ba4 42. Rxb7+ Rf7 43. Rxf7+ Kxf7 44. Be2 Bc2 45. Bxg4 1-0

[Event "2nd Indonesia Open Chess Ch. 2012"]
[Site "Grand SahidJaya Hotel, Jakarta"]
[Date "2012.10.12"]
[Round "3.21"]
[White "Tirto"]
[Black "Korneev, Oleg"]
[Result "1/2-1/2"]
[WhiteElo "2322"]
[BlackElo "2591"]
[PlyCount "44"]
[EventDate "2012.10.11"]

1. d4 d5 2. c4 e6 3. Nf3 Nf6 4. Bg5 h6 5. Bh4 dxc4 6. Qa4+ Nbd7 7. e3 a6 8.
Bxc4 Be7 9. Nbd2 O-O 10. Be2 c5 11. dxc5 Nxc5 12. Qd4 Qxd4 13. Nxd4 Na4 14.
O-O-O e5 15. Nc2 g5 16. Bg3 Bf5 17. f3 Rac8 18. e4 Be6 19. Nb3 Nd7 20. Kb1 f6
21. Ne3 Ndc5 22. Nxc5 Rxc5 1/2-1/2

[Event "2nd Indonesia Open Chess Ch. 2012"]
[Site "Grand SahidJaya Hotel, Jakarta"]
[Date "2012.10.12"]
[Round "3.22"]
[White "Barbosa, Oliver"]
[Black "Hamdani, Rudin"]
[Result "1-0"]
[WhiteElo "2575"]
[BlackElo "2328"]
[PlyCount "111"]
[EventDate "2012.10.11"]

1. d4 Nf6 2. c4 e6 3. Nf3 Bb4+ 4. Nbd2 O-O 5. a3 Bxd2+ 6. Qxd2 b6 7. g3 Bb7 8.
Bg2 d6 9. O-O Nbd7 10. b3 a5 11. Bb2 Be4 12. Rac1 Re8 13. Rfd1 Qe7 14. Qc3 h6
15. Bh3 Ra7 16. Nd2 Ba8 17. Qc2 e5 18. d5 Bb7 19. Nb1 Bc8 20. Nc3 Ra8 21. Bg2
Nc5 22. b4 Na6 23. Qb3 Bd7 24. Nb5 Rec8 25. Bc3 Qe8 26. bxa5 Nc5 27. Qa2 bxa5
28. a4 Bf5 29. f3 Nfd7 30. e4 Bg6 31. Bh3 Qd8 32. Be1 Qf8 33. Qc2 c6 34. Nc3
cxd5 35. Nxd5 Ne6 36. Bf2 Rab8 37. f4 Bh7 38. f5 Nec5 39. Rb1 Kh8 40. Bg2 f6
41. Be1 Bg8 42. Bxa5 Rxb1 43. Rxb1 Bxd5 44. exd5 Ra8 45. Rb5 Ra7 46. Bf3 Qa8
47. Qc3 Nb7 48. Bb4 Rxa4 49. Kg2 Nbc5 50. Bxc5 Nxc5 51. Kh3 Qa6 52. Qb2 h5 53.
Qe2 g5 54. Bxh5 Kg7 55. Bg6 g4+ 56. Kh4 {
Unreadable notation. Game ended in 71 moves.} 1-0

[Event "2nd Indonesia Open Chess Ch. 2012"]
[Site "Grand SahidJaya Hotel, Jakarta"]
[Date "2012.10.12"]
[Round "3.23"]
[White "Paragua, Mark"]
[Black "Medina, Warda Aulia"]
[Result "1-0"]
[WhiteElo "2540"]
[BlackElo "2311"]
[PlyCount "61"]
[EventDate "2012.10.11"]

1. e4 e6 2. d3 d5 3. Qe2 Nf6 4. Nf3 Be7 5. g3 c5 6. Bg2 Nc6 7. O-O O-O 8. e5
Nd7 9. c4 b5 10. cxb5 Na5 11. Nc3 a6 12. bxa6 Bxa6 13. Bf4 Qb6 14. Rfd1 Rfb8
15. b3 Nf8 16. h4 Nc6 17. Rac1 Ng6 18. Bg5 Bxg5 19. Nxg5 Qb4 20. Qh5 Ncxe5 21.
Qxh7+ Kf8 22. h5 Qg4 23. Nxe6+ fxe6 24. hxg6 Nxd3 25. Nxd5 exd5 26. Re1 Nxe1
27. Rxe1 Be2 28. Bh3 Qh5 29. Rxe2 Qxe2 30. Qh8+ Ke7 31. Qxg7+ 1-0

[Event "2nd Indonesia Open Chess Ch. 2012"]
[Site "Grand SahidJaya Hotel, Jakarta"]
[Date "2012.10.12"]
[Round "3.24"]
[White "Cao, Sang"]
[Black "Laksana, Agusta"]
[Result "1-0"]
[WhiteElo "2514"]
[BlackElo "2305"]
[PlyCount "83"]
[EventDate "2012.10.11"]

1. e4 d6 2. d4 Nf6 3. Nc3 g6 4. Be3 Bg7 5. f3 c6 6. Qd2 b5 7. Nge2 O-O 8. h4 h5
9. Bh6 e5 10. Bxg7 Kxg7 11. Ng3 Be6 12. d5 cxd5 13. Nxd5 Bxd5 14. exd5 a6 15.
Qg5 Kg8 16. O-O-O Nh7 17. Qh6 Nd7 18. Ne4 Ndf6 19. Bd3 Nxe4 20. Bxe4 Qf6 21. g4
Qg7 22. Qe3 Nf6 23. Rdg1 Rac8 24. Kb1 Rc4 25. gxh5 Nxh5 26. Qb6 Qf6 27. Qxa6
Rc5 28. Rg4 Kh8 29. Rhg1 Rg8 30. Qa3 Nf4 31. Qe3 Rg7 32. a3 Rh7 33. Qe1 Rh6 34.
Rg5 Nxd5 35. h5 Nf4 36. hxg6 fxg6 37. Qa5 Rc8 38. Qxb5 Rd8 39. Qb6 Qe7 40. Rxg6
Rxg6 41. Bxg6 Rg8 42. Rh1+ 1-0

[Event "2nd Indonesia Open Chess Ch. 2012"]
[Site "Grand SahidJaya Hotel, Jakarta"]
[Date "2012.10.12"]
[Round "3.27"]
[White "Irwanto, Sadikin"]
[Black "Supriyono, Eko"]
[Result "1/2-1/2"]
[WhiteElo "2412"]
[BlackElo "2253"]
[PlyCount "138"]
[EventDate "2012.10.11"]

1. d4 d5 2. Nf3 c6 3. c4 e6 4. cxd5 exd5 5. Nc3 Nf6 6. Bg5 Be7 7. Qc2 O-O 8. e3
h6 9. Bh4 Nh5 10. Bxe7 Qxe7 11. Be2 Nd7 12. O-O g6 13. Rab1 a5 14. a3 f5 15. b4
axb4 16. axb4 b5 17. Ne1 Nhf6 18. Nd3 Bb7 19. Ra1 Ne4 20. Nc5 Ndxc5 21. bxc5
Rfb8 22. Nxe4 Qxe4 23. Qxe4 fxe4 24. Rfb1 Kf7 25. Kf1 Ke7 26. Ke1 Rxa1 27. Rxa1
Ra8 28. Rxa8 Bxa8 29. f3 exf3 30. Bxf3 Bb7 31. Kd2 g5 32. e4 dxe4 33. Bxe4 Kd7
34. Kc3 Kc7 35. Kb4 h5 36. g3 h4 37. Bd3 hxg3 38. hxg3 Bc8 39. d5 cxd5 40. Bxb5
Bg4 41. Kc3 Bf3 42. Kd4 Bg2 43. Ke5 g4 44. Kd4 Bf3 45. Be8 Bg2 46. Bh5 Bf3 47.
Bf7 Bd1 48. Bxd5 Kd7 49. Ke3 Kc7 50. Kf4 Kd7 51. Be4 Kc7 52. Bf5 Kc6 53. Bxg4
Bc2 54. Bf3+ Kxc5 55. Ke5 Kb6 56. g4 Kc7 57. Ke6 Kd8 58. Bc6 Bd3 59. g5 Bc2 60.
Kf7 Bb3+ 61. Kf8 Bc2 62. Be8 Bd3 63. Bh5 Bc2 64. Kf7 Bd3 65. Bg6 Bc4+ 66. Kg7
Ke7 67. Bf5 Bf7 68. Bg6 Bc4 69. Bh5 Bd3 1/2-1/2

[Event "2nd Indonesia Open Chess Ch. 2012"]
[Site "Grand SahidJaya Hotel, Jakarta"]
[Date "2012.10.12"]
[Round "3.28"]
[White "Sonjaya, Deni"]
[Black "Juswanto, Denny"]
[Result "0-1"]
[WhiteElo "2284"]
[BlackElo "2412"]
[PlyCount "93"]
[EventDate "2012.10.11"]

1. e4 c5 2. Nf3 Nc6 3. Bb5 e6 4. O-O Nge7 5. c3 a6 6. Ba4 b5 7. Bc2 Bb7 8. a4
b4 9. Re1 Rc8 10. d3 Ng6 11. Nbd2 Be7 12. Nf1 O-O 13. d4 bxc3 14. bxc3 cxd4 15.
cxd4 Nb4 16. Bb1 a5 17. Bb2 Qc7 18. Ne3 Nf4 19. Ra3 d5 20. e5 Nc6 21. g3 Ng6
22. Rb3 Ba6 23. Kg2 Bc4 24. Nxc4 dxc4 25. Rbe3 Rfd8 26. Qe2 Nb4 27. Be4 Nd5 28.
Bxd5 Rxd5 29. Rc1 Qc6 30. Kg1 Qxa4 31. Rec3 Qb5 32. Rxc4 Rxc4 33. Rxc4 Rd8 34.
Qc2 Rb8 35. Bc1 h6 36. h4 Bb4 37. Rc7 Ne7 38. Qe4 Qd5 39. Qf4 Qd8 40. Rc2 Rc8
41. Qe4 a4 42. Qd3 Rxc2 43. Qxc2 Qa8 44. Bd2 Nd5 45. Bxb4 Nxb4 46. Qd1 a3 47.
Nd2 0-1

[Event "2nd Indonesia Open Chess Ch. 2012"]
[Site "Grand SahidJaya Hotel, Jakarta"]
[Date "2012.10.12"]
[Round "3.29"]
[White "Gunawan, Johan"]
[Black "Barus, Cerdas"]
[Result "1-0"]
[WhiteElo "2276"]
[BlackElo "2400"]
[PlyCount "103"]
[EventDate "2012.10.11"]

1. d4 Nf6 2. Nf3 e6 3. Bf4 c5 4. e3 Qb6 5. Qc1 Nh5 6. Be5 Nc6 7. Nbd2 d5 8. Be2
cxd4 9. Bxd4 Nxd4 10. Nxd4 Nf6 11. c4 Bd7 12. cxd5 Rc8 13. Qd1 Nxd5 14. O-O Be7
15. Nc4 Qc7 16. Rc1 O-O 17. Bf3 b5 18. Bxd5 exd5 19. Nd2 Qb6 20. Qb3 Qb7 21.
N2f3 Bf6 22. a4 a6 23. axb5 axb5 24. Qd3 g6 25. h3 Rc4 26. b3 Rcc8 27. Qd2 Kg7
28. Qb4 Rfe8 29. Rxc8 Rxc8 30. Ra1 Qb6 31. Rd1 h5 32. Ne2 Be6 33. Nfd4 Rb8 34.
Rc1 Bd7 35. Nf4 Qa7 36. Nxd5 Be5 37. Nf3 Bb2 38. Rb1 Bc6 39. Qd6 Bxd5 40. Qxd5
b4 41. Ne5 Bc3 42. Rd1 Re8 43. Nc6 Qa3 44. Qc4 Rf8 45. g4 hxg4 46. hxg4 Qb2 47.
Kg2 Bf6 48. Rd7 Qc3 49. Qd5 Kg8 50. Rd6 Kg7 51. Rd7 Kg8 52. Rb7 1-0

[Event "2nd Indonesia Open Chess Ch. 2012"]
[Site "Grand SahidJaya Hotel, Jakarta"]
[Date "2012.10.12"]
[Round "3.30"]
[White "Sihite, Chelsie Monica"]
[Black "Wahono, Awam"]
[Result "1/2-1/2"]
[WhiteElo "2254"]
[BlackElo "2389"]
[PlyCount "193"]
[EventDate "2012.10.11"]

1. e4 Nc6 2. Nf3 e5 3. Bc4 Bc5 4. O-O Nf6 5. d4 Bxd4 6. Nxd4 Nxd4 7. Bg5 Qe7 8.
Kh1 h6 9. Bxf6 gxf6 10. f4 d6 11. c3 Ne6 12. f5 Nc5 13. Nd2 Bd7 14. b4 Na4 15.
Qc2 a5 16. b5 Nb6 17. a4 Rg8 18. Bb3 Qf8 19. c4 Bc8 20. c5 dxc5 21. Rac1 Qg7
22. Rf2 Nd7 23. b6 Qf8 24. bxc7 Qd6 25. Nc4 Qxc7 26. Rd2 Kf8 27. Nd6 Rg7 28.
Rcd1 c4 29. Nxc8 Qxc8 30. Rxd7 cxb3 31. Qxb3 Kg8 32. h3 Qc6 33. Qxb7 Qxb7 34.
Rxb7 Rg3 35. Rdd7 Rf8 36. Ra7 Re3 37. Rxa5 Rxe4 38. Raa7 Rf4 39. a5 Rxf5 40. a6
Rf1+ 41. Kh2 Ra1 42. Kg3 Ra4 43. Kf3 Kg7 44. Rdc7 Kg6 45. Rc6 Rb8 46. Rd7 Rb3+
47. Ke2 Ra2+ 48. Rd2 Rxd2+ 49. Kxd2 e4 50. Rc4 e3+ 51. Ke2 Ra3 52. a7 f5 53. g3
Rxa7 54. Kxe3 Ra3+ 55. Kf4 Ra1 56. Rc6+ f6 57. h4 Rf1+ 58. Ke3 f4+ 59. gxf4 Rh1
60. Ke4 Rxh4 61. Rc8 Rh1 62. Rg8+ Kf7 63. Ra8 Rb1 64. Kf5 Rb5+ 65. Kg4 h5+ 66.
Kh4 Kg6 67. Ra4 Rb3 68. Ra5 Rb1 69. Kg3 Rh1 70. Kg2 Rh4 71. Kg3 Rg4+ 72. Kf3
Kh6 73. Ra6 Kg7 74. Ra7+ Kg6 75. Ra5 Rg1 76. Kf2 Rb1 77. Kg3 Rb4 78. Ra8 Rb3+
79. Kh4 Kf5 80. Ra4 Rf3 81. Ra5+ Kxf4 82. Kxh5 f5 83. Kh4 Re3 84. Ra8 Kf3 85.
Kg5 f4 86. Rf8 Re5+ 87. Kh4 Re1 88. Kg5 Re4 89. Kh4 Kg2 90. Rg8+ Kf2 91. Rg4
Ra4 92. Kh3 Ra3+ 93. Kh2 f3 94. Rg2+ Ke3 95. Rb2 Ra1 96. Rb3+ Kf2 97. Rb2+
1/2-1/2

[Event "2nd Indonesia Open Chess Ch. 2012"]
[Site "Grand SahidJaya Hotel, Jakarta"]
[Date "2012.10.12"]
[Round "3.31"]
[White "Marentek, Hanny"]
[Black "Purnama, Tirta Chandra"]
[Result "1-0"]
[WhiteElo "2232"]
[BlackElo "2384"]
[PlyCount "97"]
[EventDate "2012.10.11"]

1. d4 Nf6 2. c4 g6 3. Nc3 Bg7 4. e4 d6 5. f3 O-O 6. Be3 e5 7. Nge2 Nbd7 8. Qd2
c6 9. d5 cxd5 10. cxd5 a6 11. Nc1 b6 12. Nd3 a5 13. b4 Ba6 14. Rb1 Bc4 15. Be2
Nh5 16. O-O Nf4 17. Rfc1 Nxe2+ 18. Qxe2 f5 19. Qd2 Rc8 20. a3 fxe4 21. fxe4 Nf6
22. h3 b5 23. Nf2 a4 24. Ncd1 Qd7 25. Nb2 Bb3 26. Rxc8 Rxc8 27. Rc1 Rc7 28. Bb6
Rc8 29. Be3 Bf8 30. Rc3 Nh5 31. Nbd3 Ng3 32. Nc1 Bc4 33. Qe1 Be7 34. Bd2 Bh4
35. Qd1 Rf8 36. Rf3 Rc8 37. Bh6 Qe7 38. Rc3 Bg5 39. Qg4 Bxh6 40. Qxc8+ Kg7 41.
Rxg3 Bxc1 42. Rf3 Bd2 43. Ng4 Bg5 44. g3 h5 45. Nf2 h4 46. Kg2 hxg3 47. Rxg3
Bf4 48. Rf3 Kh7 49. Ng4 {Unreadable notation. Game ended in 75 moves.} 1-0

[Event "2nd Indonesia Open Chess Ch. 2012"]
[Site "Grand SahidJaya Hotel, Jakarta"]
[Date "2012.10.12"]
[Round "3.32"]
[White "Tunasly, Kifly"]
[Black "Sutarno"]
[Result "1-0"]
[WhiteElo "2376"]
[BlackElo "2252"]
[PlyCount "104"]
[EventDate "2012.10.11"]

1. e4 d6 2. d4 Nf6 3. Bd3 e5 4. c3 Be7 5. Ne2 O-O 6. O-O c5 7. d5 c4 8. Bc2
Nbd7 9. Ng3 Re8 10. Qe2 b5 11. Be3 a6 12. a4 Rb8 13. Nd2 Nf8 14. axb5 axb5 15.
f3 Ng6 16. Qf2 Nf4 17. Ra7 Bd7 18. Rfa1 Qc8 19. Ne2 N6h5 20. Kh1 b4 21. Nxf4
Nxf4 22. Qf1 Bb5 23. g3 b3 24. gxf4 exf4 25. Bxf4 bxc2 26. Qc1 Rb7 27. Rxb7
Qxb7 28. Qxc2 Ra8 29. Rxa8+ Qxa8 30. Nf1 Qa1 31. Kg2 g6 32. Qe2 f6 33. Qd2 h5
34. h4 Kf7 35. Ng3 Bd7 36. Ne2 Qa8 37. Bg3 g5 38. Qd4 Qg8 39. Kf2 Qb8 40. Qxc4
Qxb2 41. Qc7 Ke8 42. Bxd6 Bd8 43. Qb8 Qxb8 44. Bxb8 Bb6+ 45. Kg2 gxh4 46. Nf4
Kf7 47. Nxh5 Bb5 48. Bd6 Ba5 49. Bb4 Bc7 50. d6 Bd8 51. Nf4 f5 52. e5 Bc4 1-0

[Event "2nd Indonesia Open Chess Ch. 2012"]
[Site "Grand SahidJaya Hotel, Jakarta"]
[Date "2012.10.12"]
[Round "3.33"]
[White "Fahmi, Jauhari"]
[Black "Ardiansyah, H."]
[Result "1/2-1/2"]
[WhiteElo "2184"]
[BlackElo "2371"]
[PlyCount "33"]
[EventDate "2012.10.11"]

1. d4 d5 2. Nf3 Nf6 3. Bg5 Ne4 4. Bf4 c6 5. e3 Qb6 6. Qc1 Bf5 7. Be2 e6 8. O-O
Be7 9. c4 Nd7 10. c5 Qd8 11. Nc3 O-O 12. Nxe4 Bxe4 13. b4 Re8 14. a4 Bxf3 15.
Bxf3 Bg5 16. Bg3 Bh4 17. Bd6 1/2-1/2

[Event "2nd Indonesia Open Chess Ch. 2012"]
[Site "Grand SahidJaya Hotel, Jakarta"]
[Date "2012.10.12"]
[Round "3.34"]
[White "Sitanggang, Salor"]
[Black "Bersamina, Paulo"]
[Result "1/2-1/2"]
[WhiteElo "2367"]
[BlackElo "2205"]
[PlyCount "87"]
[EventDate "2012.10.11"]

1. d4 Nf6 2. c4 g6 3. Nf3 Bg7 4. Nc3 d6 5. h3 O-O 6. Bf4 b6 7. e3 Bb7 8. Be2
Nbd7 9. O-O Ne4 10. Nxe4 Bxe4 11. Bg3 c5 12. Rc1 Rc8 13. b3 cxd4 14. Nxd4 a6
15. Bh4 Ne5 16. Qd2 Qd7 17. Rfd1 f5 18. Nc2 a5 19. Nd4 Bh6 20. f3 Bb7 21. f4
Nf7 22. Bf3 Bxf3 23. Nxf3 Bg7 24. Nd4 Nd8 25. Re1 Nb7 26. e4 e5 27. Nb5 fxe4
28. fxe5 Bxe5 29. Rxe4 Qf7 30. Rd1 Nc5 31. Ree1 Nb7 32. Bg5 Kh8 33. Be3 a4 34.
Bxb6 axb3 35. axb3 Qf4 36. Qxf4 Rxf4 37. Be3 Re4 38. Bd4 Bxd4+ 39. Nxd4 Rxe1+
40. Rxe1 Nc5 41. Re3 Rb8 42. Kh2 Rb4 43. Kg3 Kg7 44. Rf3 1/2-1/2

[Event "2nd Indonesia Open Chess Ch. 2012"]
[Site "Grand SahidJaya Hotel, Jakarta"]
[Date "2012.10.12"]
[Round "3.35"]
[White "Eshbaev, Avazbek"]
[Black "Halay, Taufik"]
[Result "1/2-1/2"]
[WhiteElo "2156"]
[BlackElo "2366"]
[PlyCount "65"]
[EventDate "2012.10.11"]

1. c4 c5 2. Nc3 Nc6 3. g3 g6 4. Bg2 Bg7 5. d3 d6 6. f4 e6 7. Nf3 Nge7 8. O-O a6
9. Bd2 O-O 10. Rb1 Rb8 11. a4 Nf5 12. e4 Nfd4 13. Nxd4 Nxd4 14. b4 cxb4 15.
Rxb4 Bd7 16. h3 b5 17. axb5 axb5 18. cxb5 Nxb5 19. Nxb5 Bxb5 20. Qb3 Ba6 21.
Be3 Rxb4 22. Qxb4 Qb8 23. Qa3 Qb5 24. Qxd6 Qxd3 25. Qxd3 Bxd3 26. Rd1 Bc2 27.
Rd2 Rc8 28. e5 Bf8 29. Bb6 Bc5+ 30. Bxc5 Rxc5 31. h4 h6 32. Kf2 Bf5 33. Bf3
1/2-1/2

[Event "2nd Indonesia Open Chess Ch. 2012"]
[Site "Grand SahidJaya Hotel, Jakarta"]
[Date "2012.10.12"]
[Round "3.36"]
[White "Gordon, Stephen J"]
[Black "Bai, Jinshi"]
[Result "1/2-1/2"]
[WhiteElo "2556"]
[BlackElo "2252"]
[PlyCount "98"]
[EventDate "2012.10.11"]

1. c4 e5 2. Nc3 Nc6 3. g3 g6 4. Bg2 Bg7 5. e3 Nge7 6. Nge2 h5 7. h4 d6 8. d3
O-O 9. O-O Be6 10. Nd5 Rb8 11. b3 Qd7 12. e4 f5 13. Bg5 Kh7 14. Qd2 fxe4 15.
dxe4 Ng8 16. Kh2 Rf7 17. Rac1 Rbf8 18. f3 Nd4 19. Nxd4 exd4 20. b4 c5 21. bxc5
dxc5 22. Rb1 Nf6 23. Bxf6 Bxf6 24. f4 b6 25. Qd3 Bg7 26. Rf2 Qa4 27. f5 gxf5
28. exf5 Bxd5 29. f6+ Kh8 30. Qg6 Rxf6 31. Qxh5+ Bh6 32. Rxf6 Rxf6 33. Qxd5 Qc2
34. Re1 Be3 35. Kh3 Qf5+ 36. Qxf5 Rxf5 37. g4 Rf2 38. a4 Ra2 39. g5 Rxa4 40.
Bd5 Ra2 41. Kg4 Rf2 42. Bf3 b5 43. Rb1 b4 44. Ra1 d3 45. Rxa7 d2 46. Ra1 b3 47.
Kg3 b2 48. Rb1 Kg7 49. Bh5 Rf4 1/2-1/2

[Event "2nd Indonesia Open Chess Ch. 2012"]
[Site "Grand SahidJaya Hotel, Jakarta"]
[Date "2012.10.12"]
[Round "3.37"]
[White "Lioe, Dede"]
[Black "Margana, Adhy"]
[Result "0-1"]
[WhiteElo "2387"]
[BlackElo "2221"]
[PlyCount "152"]
[EventDate "2012.10.11"]

1. e4 c5 2. Nf3 d6 3. d4 cxd4 4. Nxd4 Nf6 5. Nc3 a6 6. f4 e6 7. Bd3 Nbd7 8. Qf3
Qc7 9. Be3 b5 10. O-O b4 11. Nb1 Bb7 12. Nd2 h5 13. h3 Nc5 14. Rae1 Na4 15. Rb1
Be7 16. N4b3 d5 17. f5 e5 18. Bg5 Qb6+ 19. Kh1 Rd8 20. exd5 Bxd5 21. Qe2 O-O
22. Bxf6 Bxf6 23. Qxh5 Qc6 24. Qg4 e4 25. Nxe4 Bxe4 26. Bxe4 Qb6 27. Qh5 Rfe8
28. Rbe1 Nxb2 29. Re2 a5 30. Rfe1 a4 31. Nd2 Qc7 32. Nf3 Qg3 33. Bd5 Rf8 34.
Re8 Rdxe8 35. Rxe8 Qc7 36. Re2 Qd7 37. Be4 Re8 38. h4 Nd1 39. Rd2 Qc7 40. Ng5
Nc3 41. Ne6 Rxe6 42. fxe6 Nxe4 43. exf7+ Qxf7 44. Qxf7+ Kxf7 45. Rd7+ Be7 46.
Ra7 a3 47. Kh2 Ke6 48. Kh3 Nc3 49. g4 Nxa2 50. g5 Nc1 51. Kg4 Nd3 52. h5 Ne5+
53. Kf4 Nf7 54. Ra6+ Kd5 55. g6 Nh6 56. Ke3 Kc4 57. Rc6+ Kb5 58. Rc8 Bf6 59.
Rb8+ Kc4 60. Rc8+ Kd5 61. Ra8 Ng4+ 62. Kf4 Nh6 63. Ke3 Bc3 64. Kd3 Bb2 65. Ra5+
Ke6 66. Ke4 Kf6 67. Kf4 Bc1+ 68. Ke4 Bd2 69. c4 bxc3 70. Kd3 Bc1 71. Kxc3 Bb2+
72. Kd3 Nf5 73. Ke4 Ng3+ 74. Kf3 Nxh5 75. Kg4 Kxg6 76. Rg5+ Kf7 0-1

[Event "2nd Indonesia Open Chess Ch. 2012"]
[Site "Grand SahidJaya Hotel, Jakarta"]
[Date "2012.10.12"]
[Round "3.38"]
[White "Sukandar, Irine Kharisma"]
[Black "Aris, T.L.S."]
[Result "1-0"]
[WhiteElo "2362"]
[BlackElo "2238"]
[PlyCount "93"]
[EventDate "2012.10.11"]

1. d4 Nf6 2. Nf3 d5 3. Bf4 Nbd7 4. e3 g6 5. Bd3 Bg7 6. h3 c5 7. c3 O-O 8. Nbd2
b6 9. O-O Bb7 10. Bh2 a5 11. Re1 a4 12. a3 c4 13. Bc2 b5 14. e4 dxe4 15. Nxe4
Nxe4 16. Bxe4 Bxe4 17. Rxe4 Nf6 18. Re2 Nd5 19. Qd2 Ra6 20. Rae1 Re8 21. Be5 f6
22. Bg3 Qd7 23. Qc2 Qf5 24. Qxf5 gxf5 25. Re6 Rea8 26. Nh4 f4 27. Bh2 Rxe6 28.
Rxe6 Kf7 29. Rc6 e6 30. g3 fxg3 31. Bxg3 Bh6 32. Rc5 Ra5 33. Nf5 Bc1 34. Nd6+
Kg6 35. Nxc4 Ra8 36. Rxb5 Rc8 37. Nd6 Nxc3 38. bxc3 Rxc3 39. Rc5 Bb2 40. Rxc3
Bxc3 41. Nb5 Bb2 42. Kg2 Kf5 43. Kf3 h5 44. Bd6 e5 45. dxe5 fxe5 46. Bb4 e4+
47. Kg2 1-0